PŘÍSPĚVKY K DĚJINÁM SOCIALISTICKÉHO STÁTU A PRÁVA.

Podrobná bibliografia
Hlavný autor: Hubenák, Ladislav, 1928-2018 (Autor)
Médium: Článok
Jazyk:slovenčina

MARC

LEADER 00000nab a2200000ua 4500
001 vtls010766205
003 SK-MaSNL
005 20260304202447.0
008 250718s1988 xo |||||||||||||||||slo|
035 |a (urnnbn)urn:nbn:sk:snk:ar-a02z5i 
035 |a (uuid)7149ed0e-4a41-404a-aaa8-a758118e8f62 
035 |a urn:nbn:sk:snk-ab4pnk 
040 |a SNKBUCL  |b slo  |c SNKBUCL  |e AACR2 
041 0 |a slo 
044 |a xo  |c SK 
100 1 |a Hubenák, Ladislav,  |d 1928-2018  |4 aut  |9 86296 
245 1 0 |a PŘÍSPĚVKY K DĚJINÁM SOCIALISTICKÉHO STÁTU A PRÁVA.  |c Ladislav Hubenák 
773 0 |t Právny obzor  |g Roč. 71, č. 6 (1988), s. 555-557 
850 |a Slovenská národná knižnica 
852 |a Slovenská národná knižnica 
954 |a odborná, vedecká literatúra pôvodná (slovenská)  |2 lita 
958 |a article3 
958 |a OND 
958 |a EUIPO 
999 |c 3103235  |d 3105165